| 000 | 00826nam a2200313 a 4500 | ||
|---|---|---|---|
| 003 | AR-BaBNM | ||
| 005 | 20251128204435.0 | ||
| 008 | 082120s2002 ||||||||||||||000 | spa|| | ||
| 040 | _cAR-BaBNM | ||
| 100 | 1 | _aWells, M.E. | |
| 245 | 0 | 0 | _aUn programa desarrollado en proyectos |
| 250 | _a5ª ed. | ||
| 260 |
_aBuenos Aires _bLosada _c1966 |
||
| 300 | _a162 p. | ||
| 490 | 0 | _aLa escuela activa | |
| 500 | _aNota preliminar por F. Sáinz | ||
| 650 | 4 | _aMETODOS DE ENSEÑANZA | |
| 650 | 4 | _aPROYECTOS | |
| 650 | 4 | _aPROYECTOS MODELO | |
| 650 | 4 | _aPEDAGOGIA | |
| 650 | 4 | _aMEJORA DE LA EDUCACION | |
| 650 | 4 | _aTEORIAS DE LA EDUCACION | |
| 650 | 4 | _aFORMACION DE HABITOS | |
| 653 | _aMETODOS EDUCATIVOS | ||
| 653 | _aNIVEL EDUCATIVO | ||
| 800 | 1 |
_aLuzuriaga, Lorenzo _efundador |
|
| 942 | _cBK | ||
| 998 | _cCarmen | ||
| 999 |
_c7432 _d7432 |
||